000 00655cam a22002291 4500
001 sa 68003384
003 DLC
005 20260227112452.0
008 710903s1966 ii 000 0 eng
010 _asa 68003384
025 _aPL480:I-E-8345
040 _aDLC
_cDLC
_dDLC
050 0 0 _aPK2377
_b.S8 no. 3
082 0 0 _a491.4/6
100 1 _aGhatage, A. M.
_q(Amrit Madhav),
_d1913-2003.
245 1 0 _aKuṇabī of Mahāḍ,
_cby A. M. Ghatage.
260 _aBombay,
_bState Board for Literature and Culture,
_c1966.
300 _aii, 148 p.
_c21 cm.
350 _aRs5
440 2 _aA survey of Marathi dialects,
_v3
650 0 _aKuṇabī dialect.
999 _c79441
_d79441